<?xml version="1.0" encoding="UTF-8"?>
<record
    xmlns:xsi="http://www.w3.org/2001/XMLSchema-instance"
    xsi:schemaLocation="http://www.loc.gov/MARC21/slim http://www.loc.gov/standards/marcxml/schema/MARC21slim.xsd"
    xmlns="http://www.loc.gov/MARC21/slim">

  <leader>00635nam a2200217Ia 4500</leader>
  <controlfield tag="001">3113</controlfield>
  <controlfield tag="003">GE_BSU</controlfield>
  <controlfield tag="008">181216s||||||||xx |||||||||||||| ||und||</controlfield>
  <datafield tag="040" ind1=" " ind2=" ">
    <subfield code="c">GE_BSU</subfield>
  </datafield>
  <datafield tag="080" ind1=" " ind2=" ">
    <subfield code="a">51(075.8)</subfield>
  </datafield>
  <datafield tag="100" ind1=" " ind2=" ">
    <subfield code="a">&#x421;&#x43C;&#x438;&#x440;&#x43D;&#x43E;&#x432;.&#x412;.&#x418;.</subfield>
  </datafield>
  <datafield tag="245" ind1=" " ind2=" ">
    <subfield code="a">&#x41A;&#x443;&#x440;&#x441; &#x432;&#x44B;&#x441;&#x448;&#x435;&#x439; &#x43C;&#x430;&#x442;&#x435;&#x43C;&#x430;&#x442;&#x438;&#x43A;&#x438;. &#x422;&#x43E;&#x43C; &#x43F;&#x44F;&#x442;&#x44B;&#x439;.</subfield>
  </datafield>
  <datafield tag="245" ind1=" " ind2=" ">
    <subfield code="b">&#x423;&#x447;&#x435;&#x431;&#x43D;&#x438;&#x43A;.</subfield>
  </datafield>
  <datafield tag="245" ind1=" " ind2=" ">
    <subfield code="c">&#x420;&#x435;&#x434;. &#x413;.&#x41F;.&#x410;&#x43A;&#x438;&#x43B;&#x43E;&#x432;.</subfield>
  </datafield>
  <datafield tag="260" ind1=" " ind2=" ">
    <subfield code="a">&#x41C;.</subfield>
  </datafield>
  <datafield tag="260" ind1=" " ind2=" ">
    <subfield code="b">&#x413;&#x43E;&#x441;. &#x438;&#x437;&#x434;-&#x432;&#x43E; &#x444;&#x438;&#x437;&#x438;&#x43A;&#x43E;-&#x43C;&#x430;&#x442;&#x435;&#x43C;&#x430;&#x442;&#x438;&#x447;&#x435;&#x441;&#x43A;&#x43E;&#x439; &#x43B;&#x438;&#x442;-&#x440;&#x44B;.</subfield>
  </datafield>
  <datafield tag="260" ind1=" " ind2=" ">
    <subfield code="c">1959.</subfield>
  </datafield>
  <datafield tag="300" ind1=" " ind2=" ">
    <subfield code="a">656 &#x441;&#x442;&#x440;. 22 &#x441;&#x43C;.</subfield>
  </datafield>
  <datafield tag="653" ind1=" " ind2=" ">
    <subfield code="a">&#x41A;&#x443;&#x440;&#x441; &#x432;&#x44B;&#x441;&#x448;&#x435;&#x439; &#x43C;&#x430;&#x442;&#x435;&#x43C;&#x430;&#x442;&#x438;&#x43A;&#x438;.</subfield>
  </datafield>
  <datafield tag="942" ind1=" " ind2=" ">
    <subfield code="c">BK</subfield>
  </datafield>
  <datafield tag="999" ind1=" " ind2=" ">
    <subfield code="c">37157</subfield>
    <subfield code="d">37157</subfield>
  </datafield>
  <datafield tag="952" ind1=" " ind2=" ">
    <subfield code="0">0</subfield>
    <subfield code="1">0</subfield>
    <subfield code="4">0</subfield>
    <subfield code="7">0</subfield>
    <subfield code="9">36864</subfield>
    <subfield code="d">2018-12-17</subfield>
    <subfield code="p">9158</subfield>
    <subfield code="r">2018-12-17</subfield>
    <subfield code="w">2018-12-17</subfield>
    <subfield code="y">BK</subfield>
  </datafield>
</record>
